000 00858cam a22002411 4500
001 sa 68010326
003 DLC
005 20260227112551.0
008 850306s1965 ii f000 0 eng
010 _asa 68010326
020 _cRe1.00
025 _aPL480:I-E-7391
040 _aDLC/ICU
_cICU
_dDLC
050 0 0 _aQH311
_b.H32 1965
100 1 _aHaldane, J. B. S.
_q(John Burdon Sanderson),
_d1892-1964.
245 1 4 _aThe unity and diversity of life
_c[by] J.B.S. Haldane.
260 _a[New Delhi]
_bPublications Division, Ministry of Information & Broadcasting, Govt. of India
_c[1965]
300 _a84 p.
_c18 cm.
490 1 _aSardar Vallabhbhai Patel lectures,
_vseries 3
500 _aLectures delivered in New Delhi in 1957 and later broadcast by All India Radio.
650 0 _aBiology.
830 0 _aSardar Vallabhbhai Patel lectures ;
_vser. 3.
999 _c83374
_d83374